| 000 | 00586nam a2200205 i 4500 | ||
|---|---|---|---|
| 001 | 57635 | ||
| 003 | ES-MaACL | ||
| 005 | 20240601063022.0 | ||
| 007 | t| | ||
| 008 | 031017s1965 sp ||||1| spa d | ||
| 100 | 1 |
_aDuarte Pérez, Félix. _945736 |
|
| 245 | 1 | 0 |
_aPoemas del Atlántico / _cFélix Duarte Pérez. |
| 260 |
_aPalencia : _b[s.n.], _c1965. |
||
| 300 |
_a62 p. : _bil. ; _c22 cm. |
||
| 490 | 1 |
_aColección Rocamador ; _v52 |
|
| 830 | 0 | 0 |
_aRocamador (Serie) ; _v52 _9236737 |
| 852 |
_aES-MaACL _jC-29781 _bR.57940 |
||
| 942 | _2udc | ||
| 999 |
_c57635 _d57635 |
||